| 000 | 00000nam##2200000za#4500 |
| 001 | 9.648246 |
| 003 | CaOODSP |
| 005 | 20210615113012 |
| 007 | ta |
| 008 | 150407|2001||||xxc||||| f|0| 0 eng|d |
| 020 | |a0-662-30781-X |
| 040 | |aCaOODSP|beng |
| 043 | |an-cn--- |
| 086 | 1 |aA22-226/2001E |
| 110 | 1 |aCanada.|bAgriculture and Agri-Food Canada. |bPolicy Branch. |
| 245 | 10|aVertical linkages in agri-food supply chains in Canada and the United States / |cby Jill E. Hobbs and Linda M. Young. |
| 260 | |aOttawa - Ontario : |bAgriculture and Agri-Food Canada. |c2001. |
| 300 | |aix, 84p. : |bgraphs, tables ; |c28 cm. |
| 500 | |a"This report describes the nature of vertical linkages in agriculture, ranging from spot markets to vertical integration. It reviews the applied and theoretical literature relating to vertical coordination."--Executive summary. |
| 504 | |aBibliography. |
| 563 | |aSpiral binding |
| 590 | |a01-31|b2001-08-03 |
| 690 | 07|aAgri-food industry|2gcpds |
| 690 | 07|aMarket analysis|2gcpds |
| 720 | 1 |aYoung, Linda M. |
| 775 | 08|tLes liens verticaux dans les chaînes d'approvisionnement agroalimentaire au Canada et aux États-Unis / |w(CaOODSP)9.681554 |
| 776 | 0#|tVertical linkages in agri-food supply chains in Canada and the United States / |w(CaOODSP)9.693522 |
| 986 | |a2083/E |